Left-wing Nietzscheans : the politics of German expressionism, 1910-1920 (Record no. 231159)

MARC details
000 -LEADER
fixed length control field 00769nam a2200229Ia 4500
008 - FIXED-LENGTH DATA ELEMENTS--GENERAL INFORMATION
fixed length control field 191130s1990##################000#0#eng##
020 ## - INTERNATIONAL STANDARD BOOK NUMBER
ISBN 9783110124576
082 ## - DEWEY DECIMAL CLASSIFICATION NUMBER
Classification number 700.94409041 TAY
100 ## - MAIN ENTRY--AUTHOR NAME
Personal name Taylor, Seth
245 ## - TITLE STATEMENT
Title Left-wing Nietzscheans : the politics of German expressionism, 1910-1920
Statement of responsibility, etc by Seth Taylor
260 ## - PUBLICATION, DISTRIBUTION, ETC. (IMPRINT)
Place of publication Berlin
Name of publisher Walter de Gruyter
Year of publication 1990
300 ## - PHYSICAL DESCRIPTION
Number of Pages x, 254 p. ; 25 cm
500 ## - GENERAL NOTE
General note Includes bibliographical references (p. [233]-247) and index
650 ## - SUBJECT ADDED ENTRY--TOPICAL TERM
Topical Term Arts, German - 20th century
Topical Term Expressionism (Art) - Germany
Topical Term Nietzsche, Friedrich Wilhelm, 1844-1900 - Influence
991 ## -
-- 291704
Holdings
Withdrawn status Lost status Damaged status Not for loan Home library Current library Shelving location Date acquired Full call number Accession Number Price effective from Koha item type
        Anna Centenary Library Anna Centenary Library 6TH FLOOR, B WING 13.10.2020 700.94409041 TAY 389271 13.10.2020 English Books

Find us on the map